000
00242nam a2200097Ia 4500
008
230915s9999 xx 000 0 und d
050
_a
QD 65 .W43 1988
100
_a
ROBERT C.WEAST
245
0
_a
HANDBOOK OF CHEMISTRY AND PHYSICS
942
_c
BK
999
_c
190269
_d
190269